22 Most Populated Capital Cities in Europe - Statistics

General Stats
  • This quiz has been taken 139 times
  • The average score is 18 of 22
Answer Stats
Population Answer % Correct
8,630,100 London
100%
2,241,346 Paris
98%
3,233,527 Madrid
97%
11,541,000 Moscow
97%
2,868,104 Rome
94%
3,520,000 Berlin
93%
2,847,200 Kiev
88%
1,241,664 Prague
88%
1,515,017 Stockholm
88%
1,711,324 Warsaw
88%
3,090,508 Athens
86%
1,729,040 Budapest
84%
810,909 Amsterdam
83%
1,942,245 Bucharest
83%
1,749,673 Vienna
81%
1,080,790 Brussels
79%
1,702,061 Minsk
77%
1,173,179 Dublin
74%
1,090,285 Sofia
72%
804,200 Zagreb
70%
1,154,589 Belgrade
69%
763,634 Tirana
33%
No matching quizzes found
Score Distribution
Percent of People with Each Score
Percentile by Number Answered
Your Score History
You have not taken this quiz